[Event "Let's Play Chess!"]
[Site "http://www.queenalice.com/game.php?id=206479"]
[Date "2007.5.6"]
[Round "-"]
[White "Gustaf"]
[Black "hwk"]
[Result "1-0"]
[WhiteElo "1702"]
[BlackElo "653"]

1. d4 d5 2. c4 dxc4 3. Nc3 c6 4. e4 e6 5. Bxc4 Na6 6. Bxa6 bxa6 7. Nf3 Nf6 8.
Bg5 a5 9. e5 h6 10. Bh4 Bb4 11. exf6 g6 12. a3 g5 13. Bg3 Bd6 14. Bxd6 Qxd6 15.
O-O Ba6 16. Re1 g4 17. Ne5 Rg8 18. Rc1 Qb8 19. Nxc6 Qc7 20. Ne7 Qf4 21. Nxg8 Kf8
22. Ne7 Qxf6 23. Nc6 g3 24. hxg3 Bc8 25. Ne4 Qf5 26. Nxa7 Bd7 27. Rc7 Rc8 28.
Nxc8 Be8 29. Ncd6 Qg6 30. Rc8 Ke7 31. Rxe8+ Kd7 32. Qa4+ Kc7 33. Rc1+ Kb6 34.
Rc6+ Ka7 35. Qxa5# 1-0

[Event "Let's Play Chess!"]
[Site "http://www.queenalice.com/game.php?id=206480"]
[Date "2007.5.6"]
[Round "-"]
[White "hwk"]
[Black "Gustaf"]
[Result "0-1"]
[WhiteElo "702"]
[BlackElo "1803"]

1. e4 c5 2. d3 d6 3. f4 Nc6 4. g4 Nf6 5. h3 g6 6. Qd2 Bg7 7. Qc3 Nh5 8. Qc4 Ng3
9. Rh2 Nxf1 10. Kxf1 h5 11. g5 Qb6 12. Bd2 Bxb2 13. Bc3 Bxa1 14. Bxa1 Rf8 15.
Nc3 Be6 16. Qa4 Qb4 17. Qxb4 Nxb4 18. a4 a6 19. a5 Rb8 20. f5 gxf5 21. Rg2 Rg8
22. Rf2 Rxg5 23. h4 Rg4 24. Nh3 b6 25. e5 Rxh4 26. Ng5 Rh1+ 27. Kg2 Rxa1 28.
exd6 exd6 29. Kg3 Ke7 30. Ne2 Nxc2 31. Nf3 Rg8+ 32. Kh4 Rh1+ 33. Rh2 Rxh2+ 34.
Nxh2 Rg2 35. Ng3 Rxh2+ 36. Kg5 Rg2 37. Kh4 bxa5 38. Nxh5 a4 39. Ng7 Rxg7 40. Kh5
a3 41. Kh6 Rg1 0-1

[Event "Let's Play Chess!"]
[Site "http://www.queenalice.com/game.php?id=206629"]
[Date "2007.5.5"]
[Round "-"]
[White "Gustaf"]
[Black "andrevillares"]
[Result "0-1"]
[WhiteElo "1724"]
[BlackElo "1917"]

1. e4 Nf6 2. Nc3 d5 3. exd5 Nxd5 4. Nxd5 Qxd5 5. Nf3 e5 6. b3 Bc5 7. Bb2 Nc6 8.
Bc4 Qe4+ 9. Qe2 Qxe2+ 10. Kxe2 Bg4 11. Rhe1 O-O-O 12. Kf1 f6 13. d3 Bxf3 14.
Be6+ Kb8 15. gxf3 Nd4 16. Bxd4 Bxd4 17. Rac1 Rhe8 18. Bc4 Re7 19. f4 a6 20. c3
Bb6 21. fxe5 fxe5 22. Re4 Rf8 23. Re2 Bc5 24. Rce1 c6 25. d4 Ba7 26. dxe5 b5 27.
Bd3 Ref7 28. e6 Rxf2+ 29. Rxf2 Rxf2+ 30. Kg1 Rf8+ 31. Kg2 g6 32. Kg3 Kc7 33. Bf1
Bf2+ 34. Kg4 Bxe1 0-1

[Event "Let's Play Chess!"]
[Site "http://www.queenalice.com/game.php?id=206630"]
[Date "2007.5.5"]
[Round "-"]
[White "andrevillares"]
[Black "Gustaf"]
[Result "1-0"]
[WhiteElo "1936"]
[BlackElo "1832"]

1. d4 d5 2. c4 Nf6 3. cxd5 Nxd5 4. e4 Nb6 5. Nf3 Bg4 6. Be2 g6 7. O-O Bg7 8. Be3
O-O 9. h3 Be6 10. Nc3 c6 11. Qd2 Qc7 12. Bh6 Bc4 13. Rac1 Bxe2 14. Nxe2 N8d7 15.
Bxg7 Kxg7 16. d5 Qd6 17. dxc6 bxc6 18. Qxd6 exd6 19. Rxc6 Rfe8 20. Nc3 Ne5 21.
Rxd6 Nxf3+ 22. gxf3 Nc4 23. Rd7 Nxb2 24. Rb1 Nc4 25. Kg2 Ne5 26. Rc7 Rec8 27.
Rbb7 Rxc7 28. Rxc7 a5 29. Nd5 Nd3 30. Nb6 Ra6 31. Nc4 Nb4 32. a4 Na2 33. Ne5 Kf6
34. Nxf7 Nb4 35. Nd8 h5 36. Rc5 Nd3 37. Rb5 Nf4+ 38. Kh2 Ne2 39. Rc5 Nd4 40. Kg2
Nb3 41. Rc6+ Rxc6 42. Nxc6 Nc5 43. Nxa5 Nxa4 44. Kg3 Nc5 45. Nc4 Nd3 46. Ne3 Ke5
47. h4 Kd4 48. Ng2 Ke5 49. Ne3 Nc5 50. Nd5 Nd3 51. Ne7 Kf6 52. Nc6 Ke6 53. f4
Kd6 54. Nd4 Kc5 55. Nf3 Kd6 56. e5+ Ke6 57. Nd4+ Ke7 58. Kf3 Ne1+ 59. Ke4 Ng2
60. Nf3 Ke6 61. Nd4+ Ke7 62. f5 Nxh4 63. f6+ Kf7 64. Kf4 Ng2+ 65. Kg5 h4 66. e6+
Kf8 67. Kxg6 Nf4+ 68. Kf5 h3 69. Nf3 Nd5 70. Ke5 Nc3 71. e7+ Kf7 72. Ng5+ Ke8
73. Ke6 1-0

[Event "Challenge"]
[Site "http://www.queenalice.com/game.php?id=206637"]
[Date "2007.5.5"]
[Round "-"]
[White "DARKQUEEN"]
[Black "Gustaf"]
[Result "0-1"]
[WhiteElo "1417"]
[BlackElo "1787"]

1. e4 c5 2. Nf3 Nc6 3. c3 d5 4. e5 Bg4 5. Be2 Bxf3 6. Bxf3 Nxe5 7. Be2 Nf6 8. d4
cxd4 9. Qxd4 Nc6 10. Qd3 e6 11. O-O Qc7 12. g3 g6 13. b3 Bg7 14. Bf4 e5 15. Qe3
O-O 16. Bg5 d4 17. cxd4 Nxd4 18. Bd3 Qc6 19. Nd2 Ng4 20. Qe4 Qd7 21. h3 Nh6 22.
Kg2 Qc6 23. Qxc6 Nxc6 24. Ne4 f6 25. Be3 Nf5 26. Bc5 Rfd8 27. Bc4+ Kh8 28. a4
Bf8 29. Bxf8 Rxf8 30. Rfd1 Nfd4 31. Bd5 Kg7 32. Rab1 Rfd8 33. Bc4 Rac8 34. Nc5
b6 35. Ne6+ Nxe6 36. Bxe6 Rxd1 37. Rxd1 Rd8 38. Rc1 Nd4 39. Bc4 Rc8 40. Ra1 Rd8
41. a5 bxa5 42. Rxa5 Rd7 43. f3 Rb7 44. g4 Nxb3 45. Bxb3 Rxb3 46. Rxa7+ Kh6 47.
Kg3 e4 48. Re7 Rxf3+ 49. Kg2 Re3 50. Re6 Kg5 51. Kf2 Rxh3 52. Rxe4 Rh4 53. Kg3
f5 54. Re5 Rxg4+ 55. Kf3 h5 56. Ra5 h4 57. Ra1 h3 58. Rh1 Kh4 59. Rh2 Rg3+ 60.
Kf4 Rg2 61. Rxh3+ Kxh3 62. Ke5 Rf2 63. Kf6 Rg2 64. Ke5 Rf2 65. Kf6 Kh4 66. Kxg6
f4 67. Kf5 f3 68. Kf4 Kh3 69. Ke4 Kg2 0-1

[Event "Challenge"]
[Site "http://www.queenalice.com/game.php?id=207940"]
[Date "2007.5.8"]
[Round "-"]
[White "lolothebest"]
[Black "Gustaf"]
[Result "0-1"]
[WhiteElo "1548"]
[BlackElo "1500"]

1. e4 c5 2. Na3 d6 3. Bc4 Nf6 4. f3 e6 5. Nh3 g6 6. O-O Bg7 7. Ng5 O-O 8. f4 Nc6
9. f5 exf5 10. exf5 Bxf5 11. b3 Ne4 12. Qf3 Nxg5 13. Qd5 Bxa1 14. h4 Ne6 15. h5
Bd4+ 16. Kh1 Qh4# 0-1

[Event "Challenge"]
[Site "http://www.queenalice.com/game.php?id=217294"]
[Date "2007.5.28"]
[Round "-"]
[White "Gustaf"]
[Black "juim"]
[Result "1-0"]
[WhiteElo "1702"]
[BlackElo "1742"]

1. e4 e5 2. Bc4 d6 3. Nf3 Qf6 4. Nc3 Bg4 5. Nd5 Qd8 6. O-O Be6 7. Qe2 Nc6 8. d3
Bxd5 9. Bxd5 Qd7 10. a3 Nf6 11. Bc4 Na5 12. Ba2 Ng4 13. h3 Nf6 14. Ng5 Be7 15.
Nxf7 Bd8 16. Nxh8 c6 17. Nf7 Be7 18. Ng5 O-O-O 19. Be6 h6 20. Bxd7+ Rxd7 21. b4
hxg5 22. bxa5 a6 23. Bxg5 d5 24. Bxf6 gxf6 25. Qg4 Kc7 26. Rab1 Rd8 27. Qe6 Rc8
28. Qxe7+ Kb8 29. Qxb7# 1-0

[Event "Challenge"]
[Site "http://www.queenalice.com/game.php?id=217296"]
[Date "2007.5.28"]
[Round "-"]
[White "Gustaf"]
[Black "juim"]
[Result "1-0"]
[WhiteElo "1803"]
[BlackElo "1758"]

1. d4 d5 2. c4 dxc4 3. Nc3 e5 4. d5 Bb4 5. Qa4+ Nc6 6. dxc6 Bxc3+ 7. bxc3 b6 8.
Qxc4 Qf6 9. Nf3 Ne7 10. Bg5 Qe6 11. Qxe6 Bxe6 12. Bxe7 Kxe7 13. Nxe5 Bd5 14. e3
f6 15. Nf3 Bxc6 16. Bc4 b5 17. Bb3 Bxf3 18. gxf3 Rad8 19. Ke2 Rd6 20. Rhd1 Rc6
21. Rd3 Rd8 22. Rxd8 Kxd8 23. Kd2 Ke7 24. Rg1 g5 25. Rg3 h5 26. Rh3 h4 27. f4
Rd6+ 28. Kc2 a5 29. fxg5 fxg5 30. Rf3 Kd7 31. Rf5 c6 32. Rxg5 a4 33. Bg8 Rf6 34.
f4 Kc7 35. Rh5 Rg6 36. Bf7 Rg2+ 37. Kd3 Rxh2 38. f5 Rh1 39. f6 Rd1+ 40. Ke2 Rh1
41. Bg8 Rh2+ 42. Kd3 Rf2 43. f7 Kb6 44. Rxh4 Rf6 45. Rf4 Rd6+ 46. Ke2 Rd8 47.
f8=Q 1-0

[Event "Challenge"]
[Site "http://www.queenalice.com/game.php?id=217299"]
[Date "2007.5.28"]
[Round "-"]
[White "juim"]
[Black "Gustaf"]
[Result "0-1"]
[WhiteElo "1770"]
[BlackElo "1757"]

1. e4 e5 2. d3 Nf6 3. Bg5 Nc6 4. Qf3 Nd4 5. Qd1 b6 6. Nc3 Bb4 7. Qd2 Bb7 8.
O-O-O h6 9. Be3 Ng4 10. Bxd4 exd4 11. Qf4 Qg5 12. Qxg5 hxg5 13. Nd5 Bxd5 14. Nh3
Be6 15. Be2 Rxh3 16. Bxg4 Bxg4 17. f3 Rh4 18. fxg4 Rxg4 19. a3 Bd6 20. g3 O-O-O
21. Rdf1 f6 22. Rf3 Rh8 23. Kd2 Bxg3 24. Rff1 Bf4+ 25. Kd1 Rh3 26. Ke2 Rg2+ 27.
Kd1 Rd2+ 28. Kc1 Rdxh2+ 29. Kb1 Rxh1 30. Rxh1 Rxh1+ 31. Ka2 g4 0-1

[Event "Challenge"]
[Site "http://www.queenalice.com/game.php?id=239059"]
[Date "2007.7.12"]
[Round "-"]
[White "Gustaf"]
[Black "BboyH"]
[Result "0-1"]
[WhiteElo "1802"]
[BlackElo "1678"]

1. d4 Nc6 2. c4 e5 3. d5 Bb4+ 4. Bd2 Bxd2+ 5. Qxd2 Nd4 6. e3 Nf5 7. Nc3 c6 8.
O-O-O d6 9. Nf3 c5 10. h3 h5 11. Bd3 Nf6 12. Bxf5 Bxf5 13. Rhe1 e4 14. Ng1 O-O
15. Nge2 a6 16. Nf4 Qa5 17. Rg1 g5 18. Nxh5 Nxh5 19. g4 Bxg4 20. hxg4 Nf6 21.
Nxe4 Qd8 22. Nxg5 Qe7 23. Qc2 Kg7 24. Rh1 Rh8 25. Qf5 Rag8 26. Rxh8 Rxh8 27. Re1
Rh4 28. f3 b5 29. cxb5 axb5 30. e4 Qe5 31. f4 Qxf5 32. gxf5 Rxf4 33. Rg1 Kf8 34.
Re1 Rg4 35. Nf3 Nxe4 36. Rf1 f6 37. Nh2 Rg2 38. Nf3 b4 39. Nh4 Rg3 40. Ng6+ Kf7
41. Nh8+ Kg7 42. Ng6 c4 0-1

[Event "Let's Play Chess!"]
[Site "http://www.queenalice.com/game.php?id=240245"]
[Date "2007.7.15"]
[Round "-"]
[White "Gustaf"]
[Black "DEIMOS"]
[Result "0-1"]
[WhiteElo "1773"]
[BlackElo "1807"]

1. e4 d6 2. Nf3 Nf6 3. Bc4 Nxe4 4. d3 Nf6 5. Ng5 d5 6. Bb3 e5 7. Qf3 Bg4 8. Qg3
Nc6 9. O-O Qd7 10. Nc3 O-O-O 11. Ba4 Bd6 12. Bxc6 bxc6 13. h3 Bh5 14. h4 h6 15.
Nh3 Bg4 16. f3 e4 17. Bf4 exf3 18. Bxd6 Qxd6 19. Qxd6 cxd6 20. Nf2 fxg2 21. Kxg2
Bd7 22. Rae1 Rde8 23. Rd1 Re7 24. Nh1 Rhe8 25. a3 Ng4 26. Ng3 Ne3+ 27. Kh2 Nxd1
28. Rxd1 f5 29. Rf1 d4 30. Na2 Rf8 31. Nb4 a5 32. Na2 f4 33. Ne4 d5 34. Nc5 Re2+
35. Kg1 Rxc2 36. Nxd7 Kxd7 37. Rb1 f3 38. b4 Rxa2 0-1

[Event "Let's Play Chess!"]
[Site "http://www.queenalice.com/game.php?id=240246"]
[Date "2007.7.15"]
[Round "-"]
[White "DEIMOS"]
[Black "Gustaf"]
[Result "1-0"]
[WhiteElo "1661"]
[BlackElo "1835"]

1. Nf3 d5 2. c4 e6 3. d4 Nf6 4. Nc3 Bb4 5. Bg5 h6 6. Bxf6 Qxf6 7. cxd5 exd5 8.
Qa4+ Nc6 9. Ne5 Bxc3+ 10. bxc3 O-O 11. Nxc6 bxc6 12. e3 Bd7 13. Qa5 Rfc8 14. Ba6
Rcb8 15. Qxc7 Rb2 16. O-O Bf5 17. Bb7 Bd3 18. Bxa8 Bxf1 19. Rxf1 Rxa2 20. Bxc6
Qf5 21. Qd8+ Kh7 22. Bxd5 Rc2 23. Qa8 Rxc3 24. Be4 1-0

[Event "Challenge"]
[Site "http://www.queenalice.com/game.php?id=242347"]
[Date "2007.7.19"]
[Round "-"]
[White "Rookymoves"]
[Black "Gustaf"]
[Result "1-0"]
[WhiteElo "1950"]
[BlackElo "1727"]

1. e4 c5 2. Nf3 d6 3. d4 cxd4 4. Nxd4 Nf6 5. Nc3 g6 6. h3 Bg7 7. Be3 O-O 8. Qd2
Nbd7 9. Bh6 Qb6 10. Bxg7 Kxg7 11. O-O-O a5 12. f4 a4 13. g4 Nc5 14. Bd3 a3 15.
b3 Rd8 16. Rdg1 Na6 17. Bxa6 bxa6 18. f5 Bb7 19. fxg6 hxg6 20. h4 Kf8 21. Qe3
Rac8 22. Ne6+ fxe6 23. Qxb6 Bxe4 24. Nxe4 Nxe4 25. Qxa6 Nc3 26. Rf1+ Ke8 27.
Qxa3 Ra8 28. Qb2 Nxa2+ 29. Kd2 Rdc8 30. Rf8+ Kd7 31. Rxc8 Kxc8 32. Ra1 Ra5 33.
Rxa2 1-0

[Event "Challenge"]
[Site "http://www.queenalice.com/game.php?id=245016"]
[Date "2007.7.24"]
[Round "-"]
[White "ClivetheBeard"]
[Black "Gustaf"]
[Result "1-0"]
[WhiteElo "2050"]
[BlackElo "1812"]

1. b4 d5 2. c4 Nf6 3. cxd5 Qxd5 4. Nc3 Qd8 5. Bb2 Bf5 6. d3 Nc6 7. b5 Ne5 8. Qd2
e6 9. a3 Bc5 10. Rd1 Neg4 11. e3 O-O 12. h3 Ne5 13. d4 Bxd4 14. exd4 Ng6 15. Nf3
Ne7 16. Bd3 Nfd5 17. a4 c6 18. O-O Nb4 19. Bxf5 Nxf5 20. Ba3 Qa5 21. Ne4 c5 22.
Nxc5 Rfd8 23. Bxb4 Qc7 24. Rc1 Qb6 25. Ba5 Qd6 26. Nxb7 1-0

[Event "QA-ANNIV-03"]
[Site "http://www.queenalice.com/game.php?id=246829"]
[Date "2007.7.27"]
[Round "2"]
[White "Reddaz"]
[Black "Gustaf"]
[Result "0-1"]
[WhiteElo "1986"]
[BlackElo "1790"]

1. e4 e5 2. Nf3 Nc6 3. Bb5 a6 4. Ba4 Nf6 5. d3 Bb4+ 6. c3 Be7 7. Bxc6 bxc6 8.
Nxe5 O-O 9. O-O Re8 10. Be3 Bb7 11. Qb3 Qc8 12. Nxf7 Kf8 13. Nh6 d5 14. Nf5 a5
15. a4 Rb8 16. Nd2 dxe4 17. dxe4 Ba6 0-1

[Event "Challenge"]
[Site "http://www.queenalice.com/game.php?id=249829"]
[Date "2007.8.2"]
[Round "-"]
[White "Gustaf"]
[Black "ClivetheBeard"]
[Result "0-1"]
[WhiteElo "1730"]
[BlackElo "2063"]

1. d4 e6 2. c4 b6 3. Nc3 g6 4. e4 Bg7 5. Nf3 d6 6. Bg5 Ne7 7. Be2 Nd7 8. O-O Bb7
9. Nb5 Bxe4 10. Bxe7 Kxe7 11. Ng5 Bb7 12. Re1 h6 13. Nf3 a6 14. Nc3 Re8 15. d5
e5 16. Ne4 Kf8 17. h3 f5 18. Nc3 Qf6 19. Nh2 Re7 20. a4 Kg8 21. Rc1 a5 22. Nb5
Nc5 23. b3 Ba6 24. Rb1 Bxb5 0-1